[Event "26. Torneo Collado Villalba"]
[Site "Collado Villalba ESP"]
[Date "2009.08.22"]
[Round "2.28"]
[White "Cano Mercado, Francisco Manuel"]
[Black "Garcia Salamero, Gabriel"]
[Result "0-1"]
[WhiteElo "1920"]
[BlackElo "2034"]
[PlyCount "84"]
[EventDate "2009.08.21"]
[EventType "swiss"]
[EventRounds "9"]
[EventCountry "ESP"]
[Source "lmi"]
[SourceDate "2009.08.21"]

1. e4 e5 2. Nf3 Nf6 3. Nxe5 d6 4. Nf3 Nxe4 5. Nc3 Nxc3 6. dxc3 Be7 7. Bf4 Nd7
8. Qd2 O-O 9. O-O-O Nc5 10. Bc4 Be6 11. Bxe6 fxe6 12. Be3 Ne4 13. Qe2 d5 14. h4
c6 15. Kb1 b5 16. Qd3 c5 17. Ng5 c4 18. Qe2 Bxg5 19. hxg5 g6 20. Qg4 Rf5 21.
Qh4 Rf7 22. f3 Nd6 23. g4 a5 24. Bd4 b4 25. Qg3 Nb5 26. Qe5 Nxd4 27. Qxd4 Qxg5
28. Qb6 Qe7 29. Rhe1 bxc3 30. bxc3 Qf8 31. Qxe6 Rb8+ 32. Kc1 Qa3+ 33. Kd2 d4
34. Qxc4 dxc3+ 35. Ke2 Qb2 36. Qd3 Rbf8 37. Rf1 Qb4 38. Qd5 Qf4 39. Rd3 Re8+
40. Kd1 Qb8 41. Qb3 Qh2 42. Qxc3 Qe2+ 0-1

[Event "26. Torneo Collado Villalba"]
[Site "Collado Villalba ESP"]
[Date "2009.08.22"]
[Round "2.29"]
[White "Arias Castanedo, Jacinto"]
[Black "Velasco Garcia, Jorge Juan"]
[Result "1-0"]
[WhiteElo "2023"]
[BlackElo "1913"]
[PlyCount "81"]
[EventDate "2009.08.21"]
[EventType "swiss"]
[EventRounds "9"]
[EventCountry "ESP"]
[Source "lmi"]
[SourceDate "2009.08.21"]

1. Nf3 Nf6 2. d4 d5 3. c4 g6 4. g3 Bg7 5. Bg2 O-O 6. O-O c6 7. Qb3 dxc4 8. Qxc4
Be6 9. Qb4 Qb6 10. Qxe7 Na6 11. Qa3 Rfe8 12. Bd2 Bf8 13. Qc3 Ne4 14. Qc1 c5 15.
dxc5 Naxc5 16. Nc3 Rac8 17. Be3 Nxc3 18. bxc3 Qa6 19. Nd4 Bg7 20. Qb2 Bc4 21.
Bf3 b6 22. Rfc1 Na4 23. Qb4 Bf8 24. Qb1 b5 25. Rc2 Bc5 26. Qc1 Qb6 27. Rb1 a6
28. Kg2 Rc7 29. Bf4 Rd7 30. Bc6 Bd5+ 31. Bxd5 Rxd5 32. Nf3 Bxf2 33. c4 Rdd8 34.
cxb5 Nc3 35. Rxc3 Rxe2 36. Kh1 Be1 37. Rc8 Qf2 38. Rxd8+ Kg7 39. Bh6+ Kf6 40.
Qg5+ Ke6 41. Nd4+ 1-0

[Event "26. Torneo Collado Villalba"]
[Site "Collado Villalba ESP"]
[Date "2009.08.22"]
[Round "2.30"]
[White "Jimenez Gonzalez, Marcos"]
[Black "Zanoletty Garcia, David"]
[Result "1/2-1/2"]
[WhiteElo "1897"]
[BlackElo "2014"]
[PlyCount "67"]
[EventDate "2009.08.21"]
[EventType "swiss"]
[EventRounds "9"]
[EventCountry "ESP"]
[Source "lmi"]
[SourceDate "2009.08.21"]

1. g4 d5 2. Bg2 g6 3. h3 Bg7 4. d4 Nf6 5. Nf3 O-O 6. c3 c6 7. Bf4 b6 8. Nbd2
Bb7 9. O-O Nfd7 10. Bg3 c5 11. Rc1 a5 12. Re1 Na6 13. e3 Re8 14. Nf1 f6 15. Nh4
e5 16. dxe5 Nxe5 17. c4 Nxc4 18. Rxc4 dxc4 19. Bxb7 Ra7 20. Bd5+ Kh8 21. Bxc4
Qe7 22. Qb3 Nb4 23. a3 a4 24. Qd1 Rd8 25. Qe2 Nc6 26. Bd3 Ne5 27. Bb1 c4 28.
Bxe5 fxe5 29. Ng2 b5 30. Ng3 Rad7 31. Ne4 Rd5 32. g5 Qd7 33. Kh2 Qc7 34. h4
1/2-1/2

[Event "26. Torneo Collado Villalba"]
[Site "Collado Villalba ESP"]
[Date "2009.08.22"]
[Round "2.31"]
[White "Esquivias Gomez, Francisco J"]
[Black "Tevar Sanz, Gonzalo"]
[Result "1-0"]
[WhiteElo "2009"]
[BlackElo "1882"]
[PlyCount "81"]
[EventDate "2009.08.21"]
[EventType "swiss"]
[EventRounds "9"]
[EventCountry "ESP"]
[Source "lmi"]
[SourceDate "2009.08.21"]

1. Nf3 Nf6 2. g3 d5 3. Bg2 Bf5 4. O-O e6 5. d3 Nc6 6. Nbd2 Bc5 7. h3 Qd6 8. Nb3
Bb6 9. d4 Nb4 10. Bf4 Qe7 11. c3 Bc2 12. Qc1 Bxb3 13. axb3 Na6 14. b4 c6 15.
Ne5 Nh5 16. Nxc6 bxc6 17. Rxa6 O-O 18. Qd2 f6 19. Be3 f5 20. Bf4 h6 21. Be5 g5
22. e3 Nf6 23. Bxf6 Rxf6 24. f4 Rg6 25. Kh2 Kh7 26. Qf2 Rag8 27. Bf3 gxf4 28.
gxf4 Qg7 29. Raa1 Qc7 30. Rg1 a5 31. Rxg6 Rxg6 32. Bh5 Rg7 33. bxa5 Bxa5 34. b4
Bb6 35. Rg1 Rg5 36. Be8 Ba7 37. Rg3 Rg7 38. Rxg7+ Kxg7 39. Qh4 Kf8 40. Bg6 Qg7
41. Qd8# 1-0

[Event "26. Torneo Collado Villalba"]
[Site "Collado Villalba ESP"]
[Date "2009.08.22"]
[Round "2.32"]
[White "Medrano Del Val, Julio"]
[Black "Serrano Nunez, Dario"]
[Result "1/2-1/2"]
[WhiteElo "1810"]
[BlackElo "1997"]
[PlyCount "85"]
[EventDate "2009.08.21"]
[EventType "swiss"]
[EventRounds "9"]
[EventCountry "ESP"]
[Source "lmi"]
[SourceDate "2009.08.21"]

1. d4 Nf6 2. Nf3 d6 3. c4 g6 4. Nc3 Bg7 5. e4 O-O 6. Bg5 c6 7. Be2 Re8 8. O-O
Qc7 9. Qd2 Nbd7 10. Rad1 a6 11. Rfe1 b5 12. cxb5 cxb5 13. a3 Bb7 14. Bd3 e5 15.
Rc1 Qb8 16. d5 Rc8 17. Bh6 Nb6 18. Bxg7 Kxg7 19. Ng5 Nc4 20. Bxc4 Rxc4 21. f4
Qa7+ 22. Kh1 Ng4 23. Rf1 Qe3 24. Qxe3 Nxe3 25. fxe5 Nxf1 26. Rxf1 Rf8 27. exd6
h6 28. Nf3 f6 29. Nd2 Rcc8 30. Nb3 Rfd8 31. Nd4 Rxd6 32. Ne6+ Rxe6 33. dxe6 Rd8
34. Kg1 Rd6 35. e5 Rxe6 36. exf6+ Rxf6 37. Rxf6 Kxf6 38. Kf2 Ke5 39. g3 Kd4 40.
Ke2 Kc4 41. Kd2 Kb3 42. Kc1 Bf3 43. Nb1 1/2-1/2

[Event "26. Torneo Collado Villalba"]
[Site "Collado Villalba ESP"]
[Date "2009.08.22"]
[Round "2.33"]
[White "Rodriguez De Robles, Ignacio"]
[Black "Gonzalo Gonzalez, Francisco"]
[Result "1-0"]
[WhiteElo "1993"]
[BlackElo "1853"]
[PlyCount "99"]
[EventDate "2009.08.21"]
[EventType "swiss"]
[EventRounds "9"]
[EventCountry "ESP"]
[Source "lmi"]
[SourceDate "2009.08.21"]

1. e4 c5 2. Nf3 Nc6 3. d4 cxd4 4. Nxd4 d6 5. Nc3 g6 6. Bc4 Bg7 7. Be3 Nf6 8. f3
O-O 9. Qd2 Bd7 10. g4 a6 11. h4 b5 12. Bb3 Ne5 13. h5 Nc4 14. Bxc4 bxc4 15.
hxg6 fxg6 16. Bh6 Rf7 17. O-O-O Qf8 18. Bxg7 Qxg7 19. Rdg1 Ne8 20. Nf5 Bxf5 21.
gxf5 e6 22. fxg6 hxg6 23. f4 Rb8 24. f5 exf5 25. exf5 Rxf5 26. Rh6 Rf6 27. Nd5
Re6 28. Rhxg6 Rxg6 29. Rxg6 Qxg6 30. Ne7+ Kf7 31. Nxg6 Kxg6 32. Qe2 Nf6 33.
Qxc4 Rb5 34. Qd3+ Kg5 35. Qxd6 a5 36. Qd2+ Kh4 37. Qf4+ Ng4 38. c4 Re5 39. a3
a4 40. Kc2 Re2+ 41. Kc3 Re3+ 42. Kb4 Rb3+ 43. Kxa4 Rxb2 44. c5 Rc2 45. Kb5 Rb2+
46. Kc6 Rb3 47. a4 Rf3 48. Qxf3 Ne5+ 49. Kb7 Nxf3 50. c6 1-0

[Event "26. Torneo Collado Villalba"]
[Site "Collado Villalba ESP"]
[Date "2009.08.22"]
[Round "2.34"]
[White "Ananian, Arman"]
[Black "Rodriguez Gomez, Vicente"]
[Result "1/2-1/2"]
[WhiteElo "1790"]
[BlackElo "1990"]
[PlyCount "106"]
[EventDate "2009.08.21"]
[EventType "swiss"]
[EventRounds "9"]
[EventCountry "ESP"]
[Source "lmi"]
[SourceDate "2009.08.21"]

1. e4 e5 2. Nf3 Nc6 3. Bb5 a6 4. Ba4 Nf6 5. O-O b5 6. Bb3 Be7 7. Re1 O-O 8. c3
d5 9. exd5 Nxd5 10. Nxe5 Nxe5 11. Rxe5 c6 12. Bxd5 cxd5 13. d4 Bd6 14. Re1 Qh4
15. g3 Qh3 16. Qf3 Be6 17. Be3 Rae8 18. Nd2 f5 19. Bf4 Bxf4 20. Qxf4 Rf6 21.
Nf3 h6 22. Qh4 Qxh4 23. Nxh4 f4 24. Ng2 fxg3 25. fxg3 g5 26. Re2 Ref8 27. Rae1
Kf7 28. Re5 Rd8 29. R1e2 Rd6 30. Rf2 Rxf2 31. Kxf2 Kf6 32. Ne1 Bf5 33. Ke3 Bb1
34. a3 Ba2 35. Nd3 a5 36. h4 a4 37. hxg5+ hxg5 38. g4 Re6 39. Kf3 Rxe5 40. Nxe5
Bb3 41. Ke2 Ke6 42. Kd2 Ba2 43. Nd3 Bc4 44. Nf2 Ba2 45. Nd3 Bc4 46. Nc5+ Kd6
47. Ke3 Ba2 48. Nd3 Ke6 49. Nc5+ Kd6 50. Nb7+ Kc7 51. Nc5 Kd6 52. Kf2 Bc4 53.
Kf3 Ba2 1/2-1/2

[Event "26. Torneo Collado Villalba"]
[Site "Collado Villalba ESP"]
[Date "2009.08.22"]
[Round "2.35"]
[White "Sanchez Carvajal, Nestor"]
[Black "Guisado Gomez, Francisco"]
[Result "1-0"]
[WhiteElo "1989"]
[BlackElo "1799"]
[PlyCount "65"]
[EventDate "2009.08.21"]
[EventType "swiss"]
[EventRounds "9"]
[EventCountry "ESP"]
[Source "lmi"]
[SourceDate "2009.08.21"]

1. d4 d5 2. Nf3 e6 3. c4 c6 4. e3 Nd7 5. Nbd2 f5 6. Bd3 Nh6 7. b3 Bd6 8. Bb2
O-O 9. O-O Qe8 10. Ne5 Nxe5 11. dxe5 Bc7 12. f4 Bb6 13. Rf3 Bd7 14. Rc1 Qe7 15.
Rg3 Qh4 16. Rh3 Qxf4 17. c5 Qg5 18. cxb6 axb6 19. a4 c5 20. Qe2 Bc6 21. Rg3 Qd8
22. Qh5 Kh8 23. Nf3 d4 24. exd4 Bxf3 25. Qxf3 cxd4 26. Qxb7 Rf7 27. Qc6 Ng4 28.
Qxe6 Qh4 29. Rxg4 fxg4 30. Qxf7 g3 31. hxg3 Qxg3 32. Qf3 Qxf3 33. gxf3 1-0

[Event "26. Torneo Collado Villalba"]
[Site "Collado Villalba ESP"]
[Date "2009.08.22"]
[Round "2.36"]
[White "Benitez Cadenas, Luis Miguel"]
[Black "Gordillo, Manuel"]
[Result "0-1"]
[WhiteElo "1754"]
[BlackElo "1988"]
[PlyCount "54"]
[EventDate "2009.08.21"]
[EventType "swiss"]
[EventRounds "9"]
[EventCountry "ESP"]
[Source "lmi"]
[SourceDate "2009.08.21"]

1. Nf3 e6 2. b3 f5 3. Bb2 Nf6 4. e3 Be7 5. c4 O-O 6. d4 d5 7. cxd5 exd5 8. Bd3
c6 9. Ne5 Ne4 10. f3 Bb4+ 11. Ke2 Nd7 12. a3 Ba5 13. b4 Bb6 14. Nxd7 Bxd7 15.
Nd2 Nd6 16. Qc2 Qg5 17. Rag1 Rad8 18. Nf1 Qh6 19. h3 f4 20. g4 fxe3 21. Rg3 Qh4
22. a4 Bc7 23. b5 Ne4 24. Bxe4 dxe4 25. bxc6 exf3+ 26. Rxf3 Rxf3 27. Kxf3 Bxc6+
0-1

[Event "26. Torneo Collado Villalba"]
[Site "Collado Villalba ESP"]
[Date "2009.08.22"]
[Round "2.38"]
[White "Garcia-Sanchez Navarro, Mariano"]
[Black "Gal, Eugen"]
[Result "1/2-1/2"]
[WhiteElo "1600"]
[BlackElo "1981"]
[PlyCount "80"]
[EventDate "2009.08.21"]
[EventType "swiss"]
[EventRounds "9"]
[EventCountry "ESP"]
[Source "lmi"]
[SourceDate "2009.08.21"]

1. f4 d5 2. Nf3 c5 3. e3 Nc6 4. Bb5 Bd7 5. O-O Nf6 6. b3 g6 7. Bb2 Bg7 8. Bxc6
Bxc6 9. Ne5 Rc8 10. Nxc6 Rxc6 11. d3 O-O 12. Nd2 Qd7 13. Nf3 Ng4 14. Bxg7 Kxg7
15. Qc1 f6 16. h3 Nh6 17. Qb2 Nf7 18. e4 Kg8 19. e5 d4 20. Rae1 Nd8 21. Re2 Ne6
22. Qc1 f5 23. h4 b5 24. Ng5 Rfc8 25. Rf3 c4 26. Nxe6 Qxe6 27. Qb2 Qd7 28. Rg3
h5 29. bxc4 bxc4 30. dxc4 Kh7 31. e6 Rxe6 32. Rxe6 Qxe6 33. Qxd4 Rxc4 34. Qd2
Qe4 35. Re3 Qxf4 36. Rxe7+ Kh6 37. Qxf4+ Rxf4 38. g3 Ra4 39. Rc7 Rxa2 40. Kf2
a5 1/2-1/2

[Event "26. Torneo Collado Villalba"]
[Site "Collado Villalba ESP"]
[Date "2009.08.22"]
[Round "2.39"]
[White "Olives Barba, Carlos Jose"]
[Black "Algaba Traspuesto, Jose Antonio"]
[Result "1/2-1/2"]
[WhiteElo "1978"]
[BlackElo "1746"]
[PlyCount "68"]
[EventDate "2009.08.21"]
[EventType "swiss"]
[EventRounds "9"]
[EventCountry "ESP"]
[Source "lmi"]
[SourceDate "2009.08.21"]

1. d4 Nf6 2. Nf3 g6 3. Bg5 d5 4. Bxf6 exf6 5. c3 Bg7 6. g3 O-O 7. Bg2 Re8 8.
O-O c6 9. e3 Bg4 10. Qb3 Qb6 11. Nbd2 Nd7 12. Rfe1 Bxf3 13. Bxf3 f5 14. c4 dxc4
15. Qxb6 Nxb6 16. Rac1 Bf6 17. Nxc4 Nxc4 18. Rxc4 Re7 19. b4 a6 20. a4 Rb8 21.
Rb1 Re6 22. Rbc1 b5 23. Rxc6 bxa4 24. d5 Rxc6 25. Rxc6 Kg7 26. Rxa6 Rxb4 27. d6
Rb2 28. d7 Rd2 29. Bc6 Rd6 30. Bb5 Rxa6 31. Bxa6 a3 32. Bc4 Bd8 33. Kf1 Kf8 34.
Ba2 Ke7 1/2-1/2

[Event "26. Torneo Collado Villalba"]
[Site "Collado Villalba ESP"]
[Date "2009.08.23"]
[Round "3.2"]
[White "Suba, Mihai"]
[Black "Elissalt Cardenas, Hector"]
[Result "0-1"]
[WhiteElo "2540"]
[BlackElo "2317"]
[PlyCount "96"]
[EventDate "2009.08.21"]
[EventType "swiss"]
[EventRounds "9"]
[EventCountry "ESP"]
[Source "lmi"]
[SourceDate "2009.08.21"]

1. c4 f5 2. g3 Nf6 3. d4 g6 4. Bg2 Bg7 5. Nc3 d6 6. d5 O-O 7. Nh3 Nbd7 8. O-O
Nb6 9. Qd3 Nfd7 10. b3 Nc5 11. Qc2 a5 12. Nf4 e5 13. dxe6 c6 14. Rd1 Qe7 15.
Be3 Bxe6 16. Rd2 Bf7 17. Rad1 Rad8 18. h4 Rfe8 19. Nd3 Nbd7 20. Bg5 Bf6 21.
Nxc5 Nxc5 22. Bxf6 Qxf6 23. e3 Qe5 24. Kh2 Ne4 25. Nxe4 fxe4 26. Rd4 d5 27.
cxd5 cxd5 28. Qd2 Qf5 29. Rc1 Rd6 30. Rc7 b6 31. Qc2 g5 32. hxg5 Qxg5 33. Kg1
Ree6 34. Rc8+ Kg7 35. Rd1 h5 36. Qb2+ Rf6 37. Bxe4 Qg4 38. Rcc1 Qxe4 39. Rd4
Qg6 40. Rc7 Kh6 41. e4 Rde6 42. Rxd5 Qxe4 43. Qd2+ Kg7 44. Rg5+ Kf8 45. Qd8+
Be8 46. Rc1 Qf3 47. Rf1 Re1 48. Qd4 Bc6 0-1

[Event "26. Torneo Collado Villalba"]
[Site "Collado Villalba ESP"]
[Date "2009.08.23"]
[Round "3.3"]
[White "Madina Yadarola, Martin A"]
[Black "Teske, Henrik"]
[Result "0-1"]
[WhiteElo "2253"]
[BlackElo "2536"]
[PlyCount "94"]
[EventDate "2009.08.21"]
[EventType "swiss"]
[EventRounds "9"]
[EventCountry "ESP"]
[Source "lmi"]
[SourceDate "2009.08.21"]

1. g3 d5 2. Bg2 e5 3. d3 c6 4. Nf3 Bd6 5. e4 Nf6 6. Nbd2 O-O 7. O-O Re8 8. c3
a5 9. a4 Nbd7 10. Qc2 b6 11. Re1 Ba6 12. Bf1 Rc8 13. b3 h6 14. Nh4 Bf8 15. Qb1
Nc5 16. b4 axb4 17. cxb4 Ne6 18. Nhf3 Nd4 19. b5 Nxf3+ 20. Nxf3 Bb7 21. Bb2 d4
22. Nd2 Bb4 23. Rd1 cxb5 24. axb5 Rc5 25. Ba3 Bxa3 26. Rxa3 Qd7 27. Rb3 Rec8
28. f3 Ne8 29. Nc4 Qc7 30. Rc1 Nd6 31. Rb4 Qd8 32. Qb3 R8c7 33. Ra1 Nxc4 34.
dxc4 Kh7 35. Bh3 g6 36. Qd3 Qd6 37. Rf1 Bc8 38. Bxc8 Rxc8 39. f4 Kg8 40. Ra4
exf4 41. Rxf4 Qe6 42. Qxd4 Rxc4 43. Rxc4 Rxc4 44. Qf2 g5 45. Rf6 Rc1+ 46. Kg2
Qxe4+ 47. Kh3 Rc2 0-1

[Event "26. Torneo Collado Villalba"]
[Site "Collado Villalba ESP"]
[Date "2009.08.23"]
[Round "3.5"]
[White "Ramirez Garcia, Jorge Alberto"]
[Black "Barria Zuniga, Daniel"]
[Result "1/2-1/2"]
[WhiteElo "2203"]
[BlackElo "2426"]
[PlyCount "40"]
[EventDate "2009.08.21"]
[EventType "swiss"]
[EventRounds "9"]
[EventCountry "ESP"]
[Source "lmi"]
[SourceDate "2009.08.21"]

1. e4 c5 2. Nf3 e6 3. c3 Nf6 4. e5 Nd5 5. d4 cxd4 6. cxd4 d6 7. Bc4 Nb6 8. Bb3
dxe5 9. Nxe5 N8d7 10. Qe2 Nf6 11. Be3 Be7 12. O-O O-O 13. Nc3 Nbd5 14. Rad1 Qd6
15. Bg5 Nxc3 16. bxc3 Nd5 17. Bd2 b5 18. Rfe1 a6 19. a4 Rb8 20. Rb1 Bd7 1/2-1/2

[Event "26. Torneo Collado Villalba"]
[Site "Collado Villalba ESP"]
[Date "2009.08.23"]
[Round "3.6"]
[White "Moreno Ruiz, Javier"]
[Black "Collado Barbas, Laura"]
[Result "1-0"]
[WhiteElo "2418"]
[BlackElo "2055"]
[PlyCount "71"]
[EventDate "2009.08.21"]
[EventType "swiss"]
[EventRounds "9"]
[EventCountry "ESP"]
[Source "lmi"]
[SourceDate "2009.08.21"]

1. c4 e6 2. g3 d5 3. Bg2 Nf6 4. Nf3 Be7 5. O-O O-O 6. b3 c5 7. Bb2 b6 8. e3 Bb7
9. Nc3 Nbd7 10. Qe2 a6 11. Rfd1 Qc7 12. Rac1 Rfd8 13. cxd5 exd5 14. d4 Bc6 15.
Ne5 Nf8 16. Nxc6 Qxc6 17. dxc5 bxc5 18. Qf3 Ng6 19. Nxd5 Nxd5 20. Rxd5 Rxd5 21.
Qxd5 Qxd5 22. Bxd5 Rd8 23. e4 Rd7 24. Rc4 a5 25. Bc3 Ra7 26. f4 Nf8 27. e5 Nd7
28. Re4 Nb6 29. Bc6 Kf8 30. f5 Bd8 31. Kg2 Nc8 32. f6 g6 33. e6 fxe6 34. Rxe6
Kf7 35. Bd5 Kf8 36. Bd2 1-0

[Event "26. Torneo Collado Villalba"]
[Site "Collado Villalba ESP"]
[Date "2009.08.23"]
[Round "3.7"]
[White "Torres Samper, Rafael"]
[Black "Gallardo Garcia, Andres"]
[Result "0-1"]
[WhiteElo "2061"]
[BlackElo "2414"]
[PlyCount "72"]
[EventDate "2009.08.21"]
[EventType "swiss"]
[EventRounds "9"]
[EventCountry "ESP"]
[Source "lmi"]
[SourceDate "2009.08.21"]

1. e4 c6 2. d4 d5 3. Nc3 dxe4 4. Nxe4 Bf5 5. Ng3 Bg6 6. h4 h6 7. h5 Bh7 8. Nf3
e6 9. Bd3 Bxd3 10. Qxd3 Nd7 11. Bd2 Ngf6 12. O-O-O Be7 13. c4 O-O 14. Bc3 b5
15. Ne5 Nxe5 16. dxe5 Qxd3 17. Rxd3 Ng4 18. Ne4 b4 19. f3 bxc3 20. fxg4 cxb2+
21. Kxb2 Rfb8+ 22. Rb3 Rd8 23. Kc3 a5 24. Rb7 Bb4+ 25. Kb3 Rd3+ 26. Kc2 Rd4 27.
Nd6 Rxg4 28. Rf1 Rxg2+ 29. Kd3 f6 30. Re7 fxe5 31. Rxe6 Rd8 32. Re8+ Rxe8 33.
Nxe8 e4+ 34. Ke3 Bc5+ 35. Kf4 e3 36. Kf3 Rxa2 0-1

[Event "26. Torneo Collado Villalba"]
[Site "Collado Villalba ESP"]
[Date "2009.08.23"]
[Round "3.9"]
[White "Bote Alvarez-Carrasco, Valentin"]
[Black "Ubilava, Elizbar"]
[Result "1/2-1/2"]
[WhiteElo "2190"]
[BlackElo "2547"]
[PlyCount "76"]
[EventDate "2009.08.21"]
[EventType "swiss"]
[EventRounds "9"]
[EventCountry "ESP"]
[Source "lmi"]
[SourceDate "2009.08.21"]

1. Nf3 d6 2. c4 g6 3. Nc3 Bg7 4. d4 Bg4 5. e3 c5 6. Be2 Nc6 7. O-O cxd4 8. Nxd4
Bxe2 9. Ndxe2 Nf6 10. b3 d5 11. cxd5 Nxd5 12. Qxd5 Qxd5 13. Nxd5 Bxa1 14. Nc7+
Kd7 15. Nxa8 Rxa8 16. Rd1+ Ke8 17. e4 Rd8 18. Rxd8+ Kxd8 19. Bd2 Kd7 20. f3 Kd6
21. Kf2 Kc5 22. Ke3 Nb4 23. a4 Be5 24. f4 Bb2 25. g4 e5 26. f5 a6 27. Nc1 Nc2+
28. Kd3 Nd4 29. b4+ Kc6 30. h3 Nf3 31. Be3 Ne1+ 32. Ke2 Nc2 33. Nd3 Bc3 34. Bd2
Bd4 35. Bc1 Bc3 36. Bd2 Ba1 37. Bc1 Nd4+ 38. Ke3 Kd6 1/2-1/2

[Event "26. Torneo Collado Villalba"]
[Site "Collado Villalba ESP"]
[Date "2009.08.23"]
[Round "3.10"]
[White "Perez Gonzalez, Jose Manuel"]
[Black "Ocana Lameiro, Oliver"]
[Result "1-0"]
[WhiteElo "2307"]
[BlackElo "1878"]
[PlyCount "67"]
[EventDate "2009.08.21"]
[EventType "swiss"]
[EventRounds "9"]
[EventCountry "ESP"]
[Source "lmi"]
[SourceDate "2009.08.21"]

1. e4 d5 2. exd5 Qxd5 3. Nc3 Qa5 4. d4 Nf6 5. Nf3 Bg4 6. h3 Bxf3 7. Qxf3 c6 8.
Bc4 e6 9. Bd2 Nbd7 10. O-O-O Qc7 11. g4 Nb6 12. Bb3 O-O-O 13. g5 Nfd5 14. Ne4
Bb4 15. c3 Ba5 16. Kb1 Rhf8 17. Bc1 f6 18. gxf6 gxf6 19. Nc5 Rde8 20. Bh6 Rf7
21. Rhg1 Nd7 22. Nxe6 Rxe6 23. Rg8+ Nf8 24. Rxf8+ Rxf8 25. Bxf8 Re8 26. Bh6 Qf7
27. Rg1 Rg8 28. Rxg8+ Qxg8 29. Qg4+ Qxg4 30. hxg4 Kd7 31. Bc2 Bxc3 32. bxc3
Nxc3+ 33. Kb2 Ne2 34. Be3 1-0

[Event "26. Torneo Collado Villalba"]
[Site "Collado Villalba ESP"]
[Date "2009.08.23"]
[Round "3.12"]
[White "Prada Lopez, Miguel Angel"]
[Black "Solaesa Navalpotro, Luis Julio"]
[Result "1/2-1/2"]
[WhiteElo "2151"]
[BlackElo "2223"]
[PlyCount "41"]
[EventDate "2009.08.21"]
[EventType "swiss"]
[EventRounds "9"]
[EventCountry "ESP"]
[Source "lmi"]
[SourceDate "2009.08.21"]

1. c4 Nf6 2. Nc3 c5 3. g3 g6 4. Bg2 Bg7 5. Nf3 O-O 6. O-O d6 7. d4 cxd4 8. Nxd4
a6 9. b3 Ra7 10. Bb2 b6 11. e3 Bb7 12. Bxb7 Rxb7 13. Qf3 Rc7 14. Nd5 Rc8 15.
Nxf6+ Bxf6 16. Qb7 Qc7 17. Qxc7 Rxc7 18. Rfd1 Nc6 19. Rd2 Nxd4 20. Bxd4 Bxd4
21. Rxd4 1/2-1/2

[Event "26. Torneo Collado Villalba"]
[Site "Collado Villalba ESP"]
[Date "2009.08.23"]
[Round "3.14"]
[White "Erice Alonso, Santiago"]
[Black "Cao Armillas, Jesus"]
[Result "0-1"]
[WhiteElo "2068"]
[BlackElo "2199"]
[PlyCount "76"]
[EventDate "2009.08.21"]
[EventType "swiss"]
[EventRounds "9"]
[EventCountry "ESP"]
[Source "lmi"]
[SourceDate "2009.08.21"]

1. c4 g6 2. Nc3 Bg7 3. e4 e5 4. g3 d6 5. Bg2 Ne7 6. Nge2 Nbc6 7. O-O Be6 8. d3
Qd7 9. Nd5 O-O 10. Bg5 f6 11. Be3 Rae8 12. d4 Nc8 13. Nxc7 Qxc7 14. d5 Bf7 15.
dxc6 bxc6 16. Rc1 Rd8 17. Qc2 Ne7 18. Rfd1 Be6 19. b3 f5 20. Qd2 Rd7 21. Nc3
Qd8 22. Bg5 Bf6 23. Bh6 Re8 24. exf5 gxf5 25. Bg5 Rf8 26. Bxf6 Rxf6 27. f4 Qb6+
28. Qf2 e4 29. Qxb6 axb6 30. Kf2 Bf7 31. Bh3 Rd8 32. Ne2 Bh5 33. Rd2 Bxe2 34.
Kxe2 Kf7 35. c5 bxc5 36. Rxc5 Rh6 37. Bg2 Rxh2 38. Kf1 e3 0-1

[Event "26. Torneo Collado Villalba"]
[Site "Collado Villalba ESP"]
[Date "2009.08.23"]
[Round "3.16"]
[White "Perez de Aranda, Leonardo Ivan"]
[Black "Rodriguez De Castro, Ayar"]
[Result "1-0"]
[WhiteElo "2224"]
[BlackElo "2084"]
[PlyCount "85"]
[EventDate "2009.08.21"]
[EventType "swiss"]
[EventRounds "9"]
[EventCountry "ESP"]
[Source "lmi"]
[SourceDate "2009.08.21"]

1. b3 d5 2. Bb2 c5 3. e3 Nf6 4. h3 Nc6 5. Nf3 a6 6. g4 b5 7. Bg2 Bb7 8. d3 Qc7
9. Nbd2 e5 10. g5 Nd7 11. Nh4 Ne7 12. Qg4 g6 13. f4 Bg7 14. f5 f6 15. Rf1 fxg5
16. Nhf3 Nxf5 17. Nxg5 h5 18. Qf3 Bf6 19. e4 dxe4 20. Ngxe4 Bh4+ 21. Kd1 O-O
22. Rg1 Nd4 23. Qe3 Rf4 24. Nf3 Bxe4 25. Nxh4 Bxg2 26. Rxg2 Rxh4 27. Rxg6+ Kf7
28. Qg5 Rf4 29. Rg7+ Ke6 30. Qe7+ Kd5 31. Rg6 c4 32. dxc4+ bxc4 33. bxc4+ Ke4
34. Bxd4 Kxd4 35. Rd6+ Ke3 36. Rd3+ Ke4 37. Qh7+ Rf5 38. Kd2 Raf8 39. Re1+ Kf4
40. Qh6+ Rg5 41. h4 Qa5+ 42. Kd1 e4 43. Rd5 1-0

[Event "26. Torneo Collado Villalba"]
[Site "Collado Villalba ESP"]
[Date "2009.08.23"]
[Round "3.17"]
[White "Gomez Peco, Pablo"]
[Black "Arias Castanedo, Jacinto"]
[Result "1-0"]
[WhiteElo "2222"]
[BlackElo "2023"]
[PlyCount "55"]
[EventDate "2009.08.21"]
[EventType "swiss"]
[EventRounds "9"]
[EventCountry "ESP"]
[Source "lmi"]
[SourceDate "2009.08.21"]

1. d4 d5 2. c4 c6 3. cxd5 cxd5 4. Nc3 Nc6 5. Nf3 Nf6 6. Bf4 a6 7. Rc1 e6 8. e3
Bd6 9. Bg3 O-O 10. Be2 Qc7 11. O-O Qb8 12. Na4 Ne4 13. Bxd6 Qxd6 14. a3 Rb8 15.
b4 Bd7 16. Nc5 Rfc8 17. Bd3 f5 18. Qe2 a5 19. b5 Nd8 20. Bxe4 fxe4 21. Ne5 Be8
22. b6 Nc6 23. f4 Nxe5 24. fxe5 Qe7 25. Qg4 Bd7 26. Rf2 Rf8 27. Rxf8+ Kxf8 28.
Nxd7+ 1-0

[Event "26. Torneo Collado Villalba"]
[Site "Collado Villalba ESP"]
[Date "2009.08.23"]
[Round "3.18"]
[White "Giese, Reinhard"]
[Black "Esquivias Gomez, Francisco J"]
[Result "1/2-1/2"]
[WhiteElo "2200"]
[BlackElo "2009"]
[PlyCount "54"]
[EventDate "2009.08.21"]
[EventType "swiss"]
[EventRounds "9"]
[EventCountry "ESP"]
[Source "lmi"]
[SourceDate "2009.08.21"]

1. d4 g6 2. Nf3 Bg7 3. c3 d6 4. e4 Nf6 5. Bd3 O-O 6. h3 e5 7. O-O Nbd7 8. Be3
c6 9. Nbd2 Qc7 10. Nh4 d5 11. f4 exd4 12. Bxd4 Nxe4 13. Bxg7 Kxg7 14. Nxe4 dxe4
15. Bxe4 Qb6+ 16. Rf2 Nf6 17. Bd3 Be6 18. f5 Bd5 19. Qc2 Rae8 20. fxg6 fxg6 21.
Raf1 Be4 22. Kh1 Qe3 23. Bxe4 Nxe4 24. Rxf8 Rxf8 25. Rxf8 Kxf8 26. Nf3 Ng3+ 27.
Kh2 Nf1+ 1/2-1/2

[Event "26. Torneo Collado Villalba"]
[Site "Collado Villalba ESP"]
[Date "2009.08.23"]
[Round "3.19"]
[White "Castejon Caballero, Andres"]
[Black "Sanchez Carvajal, Nestor"]
[Result "0-1"]
[WhiteElo "2184"]
[BlackElo "1989"]
[PlyCount "92"]
[EventDate "2009.08.21"]
[EventType "swiss"]
[EventRounds "9"]
[EventCountry "ESP"]
[Source "lmi"]
[SourceDate "2009.08.21"]

1. e4 d5 2. exd5 Qxd5 3. Nc3 Qa5 4. d4 c6 5. Bc4 Nf6 6. Nge2 e6 7. f3 Nbd7 8.
O-O Be7 9. Ne4 Nb6 10. Bd3 O-O 11. c4 Nbd7 12. Bd2 Qd8 13. b4 a6 14. Bc3 b5 15.
cxb5 cxb5 16. a4 bxa4 17. Nxf6+ Nxf6 18. Rxa4 Nd5 19. Qd2 Qb6 20. b5 Nxc3 21.
Qxc3 Bb7 22. Rb1 a5 23. Be4 Bb4 24. Qd3 h6 25. Kh1 Rfd8 26. Bxb7 Qxb7 27. Qe4
Rab8 28. Raxb4 axb4 29. Rxb4 Qa7 30. h4 Qa5 31. Qb1 Qb6 32. Qb2 e5 33. dxe5
Rd1+ 34. Kh2 Rbd8 35. Qc3 R1d2 36. Nf4 Qf2 37. e6 fxe6 38. b6 g5 39. Qf6 Qxh4+
40. Nh3 Qxb4 41. Qxe6+ Kg7 42. Qe5+ Kf7 43. Qf5+ Ke8 44. Qg6+ Kd7 45. Qh7+ Qe7
46. Qf5+ Kc6 0-1